| 000 | 00779cam a22002531 4500 | ||
|---|---|---|---|
| 001 | 6513260 | ||
| 003 | ARRUPE | ||
| 005 | 20130927171310.0 | ||
| 008 | 720717s1952 enk b 000 0 eng | ||
| 010 | _a 54004345 | ||
| 015 | _aGB52-6383 | ||
| 035 | _a(OCoLC)357873 | ||
| 040 |
_aDLC _cONowdM _dOCoLC _dUk _dDLC |
||
| 050 | 0 | 0 |
_aBV825 _b.H5 1952 |
| 100 | 1 |
_aHiggins, A. J. B. _q(Angus John Brockhurst) _91711 |
|
| 245 | 1 | 4 | _aThe Lord's Supper in the New Testament. |
| 260 |
_aLondon, _bSCM Press _c[1952] |
||
| 300 |
_a96 p. _c22 cm. |
||
| 440 | 0 |
_aStudies in Biblical theology, _vno. 6 _91712 |
|
| 504 | _aBibliographical footnotes. | ||
| 650 | 0 |
_aLord's Supper _xBiblical teaching. _91713 |
|
| 906 |
_a7 _bcbc _coclcrpl _du _encip _f19 _gy-gencatlg |
||
| 942 |
_2lcc _cMONOGRAPH |
||
| 999 |
_c118154 _d118154 |
||